[Event "DEN-ch sf8"]
[Site "Svendborg"]
[Date "2024.03.29"]
[Round "7"]
[White "Konradsen, Steen"]
[Black "Dorup, Ivar"]
[Result "0-1"]
[WhiteElo "1705"]
[BlackElo "1732"]
[PlyCount "81"]
[EventDate "2024.03.29"]
[EventType "swiss"]
[EventRounds "7"]
[EventCountry "DEN"]
[SourceTitle "CB16_2024"]
[SourceDate "2024.04.17"]
[SourceVersion "1"]
[SourceVersionDate "2024.04.17"]
[SourceQuality "1"]

1. b3 d5 2. Bb2 e6 3. e3 Nf6 4. Nf3 Be7 5. c4 c6 6. Nc3 0-0 7. Rc1 Nbd7 8. cxd5 exd5 9. Be2 Re8 10. 0-0 Bd6 11. Qc2 Ne5 12. Rfe1 Bg4 13. Nxe5 Bxe2 14. Nxe2 Bxe5 15. Bxe5 Rxe5 16. h3 Qd7 17. Ng3 Rae8 18. f4 R5e6 19. Qd1 Ne4 20. Nxe4 Rxe4 21. Qf3 Qe6 22. Re2 d4 23. Kf2 Qd5 24. Ree1 dxe3+ 25. dxe3 Qd2+ 26. Qe2 Rxf4+ 27. Kg3 Qd6 28. Rcd1 Rd4+ 29. Kf2 Qf6+ 30. Qf3 Rxd1 31. Rxd1 Qe6 32. Rd4 f5 33. Qd1 Qxe3+ 34. Kf1 Re7 35. Rd8+ Kf7 36. Qh5+ Kf6 37. Rf8+ Ke6 38. Qxf5+ Kd6 39. Rd8+ Kc7 40. Qa5+ b6 41. Qd2 0-1